000 00428nam a2200181Ia 4500
001 24224
005 20260414151029.0
008 260414t1997||||xx |||||||||||||| ||spa||
041 _aESP
082 _a796.342
_bG15
100 _aGallwey, W. Timothy
_eAUT
245 0 _aEl juego interior del tenis
_b
260 _c1997
300 _a221 páginas :
_c21 cm.
650 _aABD
654 _aCAU
942 _cLIB
_dJUS
_fJUS
_2ddc
_n
999 _c24224
_d24224